000 00672nas a2200229 4500
001 BR7306730
003 BR-BrBNA
005 20231205082623.0
007 ta
008 230509b bl.|||p| |||| 00| 00por d
040 _aBR-BrBNA
_bpor
_cBiblioteca Nacional de Agricultura
041 _a(Pt)
072 _aF22
100 1 _aPeracin, D.
245 1 _aOrientacao e eixos fisicos e oticos de argila iluviada em solos
_bNota previa
650 _aFISICA DO SOLO
650 _aSOLO
650 _aARGILA
773 0 _tCiencia e Cultura (Brazil)
_xISSN 0009-6725
_g(Oct 1975), v. 27(10) p. 1155
_wBR7306730
909 _a202311
_bLúcia
_c55
_dLúcia Elande
942 _2AGRIS
_n0
_cANA
999 _c93285
_d93285